000 00421nam a22001337a 4500
999 _c514858
_d514858
008 201225b ||||| |||| 00| 0 eng d
100 _aJoshi, Seema
_921877
245 _aWhat determines manufacturing sector employment in India: Evidence from panel data?
260 _aProductivity
300 _a61(1), Apr-Jun, 2020: p. 74-81
773 _aProductivity
906 _aMANUFACTURING SECTORS - INDIA
942 _cAR